U.S. States & Capitals - Statistics

General Stats
  • This quiz has been taken 6 times
  • The average score is 85 of 100
Answer Stats
Hint Answer % Correct
S Alabama
100%
S Alaska
100%
S Arizona
100%
S Arkansas
100%
C Boston
100%
S California
100%
S Colorado
100%
S Delaware
100%
S Florida
100%
S Georgia
100%
S Hawaii
100%
S Idaho
100%
S Illinois
100%
S Indiana
100%
S Kentucky
100%
S Louisiana
100%
S Maine
100%
S Maryland
100%
S Massachusetts
100%
S Michigan
100%
S Mississippi
100%
S Missouri
100%
S Nevada
100%
S New Hampshire
100%
S New Jersey
100%
S New Mexico
100%
S New York
100%
S North Carolina
100%
S North Dakota
100%
S Ohio
100%
S Oregon
100%
S Pennsylvania
100%
C Phoenix
100%
S Rhode Island
100%
C Sacramento
100%
S South Carolina
100%
S South Dakota
100%
S Tennessee
100%
S Texas
100%
S Utah
100%
S Vermont
100%
S Virginia
100%
S Washington
100%
S West Virginia
100%
S Wisconsin
100%
S Wyoming
100%
C Albany
80%
C Annapolis
80%
C Atlanta
80%
C Austin
80%
C Baton Rouge
80%
C Boise
80%
C Cheyenne
80%
C Columbus
80%
S Connecticut
80%
C Denver
80%
C Dover
80%
C Hartford
80%
C Honolulu
80%
C Indianapolis
80%
S Iowa
80%
C Juneau
80%
S Kansas
80%
C Lansing
80%
C Little Rock
80%
C Madison
80%
S Minnesota
80%
S Montana
80%
S Nebraska
80%
S Oklahoma
80%
C Oklahoma City
80%
C Pierre
80%
C Providence
80%
C Salem
80%
C Salt Lake City
80%
C Santa Fe
80%
C Springfield
80%
C Tallahassee
80%
C Augusta
60%
C Bismarck
60%
C Carson City
60%
C Charleston
60%
C Columbia
60%
C Concord
60%
C Des Moines
60%
C Frankfort
60%
C Harrisburg
60%
C Helena
60%
C Jackson
60%
C Jefferson City
60%
C Lincoln
60%
C Montgomery
60%
C Montpelier
60%
C Nashville
60%
C Olympia
60%
C Raleigh
60%
C Richmond
60%
C St Paul
60%
C Topeka
60%
C Trenton
60%
No matching quizzes found
Score Distribution
Percent of People with Each Score
Percentile by Number Answered
Your Score History
You have not taken this quiz